The Whitehead journal of diplomacy and international relations

Detalles Bibliográficos
Formato: Desconocido
Lenguaje:inglés
Publicado: [New Jersey] : Seton Hall University, School of Diplomacy & International Relations
Materias:
Acceso en línea:Acceso restringido

MARC

LEADER 00000ny a22000003n 4500
005 20110516103618.0
007 cr||||||||||||
008 090414c20059999us fr pss 0 a0eng d
022 |a 1936-3419 
022 |a 1936-3427 
035 |a 5152 
040 |a BUS  |d vLex 
090 |c 1924  |d 1924 
245 0 4 |a The Whitehead journal of diplomacy and international relations  |h [Recurso electrn̤ico] 
246 3 |a Journal of diplomacy and international relations 
256 |a Servicio en ln̕ea 
260 |a [New Jersey] :  |b Seton Hall University, School of Diplomacy & International Relations 
310 |a Semestral 
506 1 |a Contenido solo disponible en los productos indicados  |d vLex Global  |d vLex Global (Academic Edition, excluding Law Schools)  |d vLex Global (U.S. Academic Edition, excluding Law Schools) 
650 0 4 |a Diplomacia  |x Publicaciones Perid̤icas 
650 0 4 |a Relaciones internacionales  |x Publicaciones perid̤icas 
740 |a vLex Revista (Servicios en ln̕ea) 
843 |a Electrn̤ica. Abierta 
853 |8 1  |i (year)  |j (month)  |k (day) 
856 4 0 |u http://vlex.com/source/5152  |z Acceso restringido 
942 |c REV 
999 4 |a Revistes electrṇiques 
999 4 |a Diplomc̉ia 
999 4 |a Relacions internacionals